| 000 | 00000nas##2200000za#4500 |
| 001 | 9.504431 |
| 003 | CaOODSP |
| 005 | 20200325082457 |
| 007 | cr ||||||||||| |
| 008 | 150406c2001||||xxc|| m o||||f| |0eng|d |
| 022 | |a1496-4562 |
| 040 | |aCaOODSP|beng |
| 043 | |an-cn--- |
| 086 | 1 |aCS85-0033E-PDF |
| 245 | 00|aCanadian Centre for Justice Statistics profile series |h[electronic resource] |
| 260 | |aOttawa - Ontario : |bStatistics Canada. |
| 310 | |aIrregular |
| 362 | 1 |a[No. 1, 2001 --] |
| 520 | 3 |aProfiles that are funded through the Policy Research Initiative. The objective of this project is to outline the experience of various groups as victims and offenders* in the criminal justice system. The profiles are based on Statistics Canada sources and include a mix of demographic, economic and justice data as well as information specific to each group. *Data on offenders is only available for the following: Aboriginal people, children and youth, seniors, and women. |
| 690 | 07|aCriminal justice|2gcpds |
| 710 | 1 |aCanada.|bStatistics Canada. |bCanadian Centre for Justice Statistics. |
| 775 | 08|tSérie de profils du Centre canadien de la statistique juridique |w(CaOODSP)9.500852 |